000 00642nam a2200193Ia 4500
003 GCL
008 140319s9999 xx 000 0 ara d
020 _a8072320977
040 _aGCL /
_cGCL
082 0 4 _a200.92
_bف ا
100 1 _aفتحى فوزى عبدالمعطى
245 1 0 _aانبياء عاشوا فى مصر /
_cفتحى فوزى عبدالمعطى
250 _aالاولى
260 _aالقاهرة :
_bمركز الاهرام للترجمة والنشر ،
_c2001
300 _a238 ص ؛
_c24 سم
650 0 4 _aالانبياء - تاريخ
650 0 4 _aالانبياء - تراجم - مصر
942 _2ddc
_cBK
999 _c57917
_d57917